| 000 | 00000nam 2200000zi 4500 |
| 001 | 9.890670 |
| 003 | CaOODSP |
| 005 | 20221107172651 |
| 006 | m o d f |
| 007 | cr cn||||||||| |
| 008 | 200819t20202020onc ob f000 0 eng d |
| 020 | |a9780660358383 |
| 040 | |aCaOODSP|beng|erda|cCaOODSP |
| 043 | |an-cn--- |
| 086 | 1 |aA118-10/33-2018E-PDF |
| 245 | 00|aCrop profile for brassica vegetables in Canada, 2018 / |cprepared by: Pest Management Program, Agriculture and Agri-Food Canada. |
| 250 | |aFourth edition |
| 264 | 1|aOttawa, ON : |bAgriculture and Agri-Food Canada = Agriculture et agroalimentaire Canada, |c2020. |
| 264 | 4|c©2020 |
| 300 | |a1 online resource (43 pages) |
| 336 | |atext|btxt|2rdacontent |
| 337 | |acomputer|bc|2rdamedia |
| 338 | |aonline resource|bcr|2rdacarrier |
| 500 | |aIssued also in French under title: Profil des cultures de crucifères au Canada, 2018. |
| 500 | |aCover title. |
| 504 | |aIncludes bibliographical references (pages 42-43). |
| 520 | |a"Brassica vegetables, also known as cole crops, belong to the Brassicaceae family, commonly known as the cabbage or mustard family. The Brassicaceae family is a diverse family and includes numerous important agricultural and horticultural crops, as well as many weeds"--Page 1. |
| 650 | 0|aBrassica|xDiseases and pests|xControl|zCanada. |
| 710 | 1 |aCanada. |bAgriculture and Agri-Food Canada, |eissuing body. |
| 710 | 2 |aPest Management Centre (Canada), |eissuing body. |
| 775 | 08|tProfil des cultures de crucifères au Canada, 2018 / |w(CaOODSP)9.890671 |
| 794 | |tCrop profile for brassica vegetables in Canada, 2021 / |w(CaOODSP)9.908256|tProfil des cultures de crucifères au Canada, 2021 / |w(CaOODSP)9.908259 |
| 795 | |tCrop profile for brassica vegetables in Canada, 2015 |bThird edition|w(CaOODSP)9.856278 |
| 856 | 40|qPDF|s1.09 MB|uhttps://publications.gc.ca/collections/collection_2020/aac-aafc/A118-10-33-2018-eng.pdf |
| 986 | |a13044E |